000 00701nam a22001937a 4500
999 _c21398
_d21398
003 BDDh-ASL
005 20231015030006.0
008 210131s2013 uk ||||| |||| 00| 0 eng d
040 _aBDDh-ASL
_cBDDh-ASL
082 _a297.64
_bABO
245 0 0 _aAbout Muhammad :
_bThe other western perspective of Islam, a short anthology of Western Writings on the Prophet Muhammad: from the 18th century to the present /
260 _aUnited Kingdom:
_bLegacy Publishing,
_c2013.
300 _a107 p. :
_c24 cm.
504 _aIncludes bibliographical references and index.
650 0 _91652
_aIslam
650 0 _92239
_aProphet
_vMuhammad (SM.)
700 1 _92979
_aEl-Affendi, Abdelwahab
942 _2ddc
_cBK